000 00684nam#a2200229#c#4500
999 _c5774
_d5774
003 IEF
005 20231115155349.0
007 ta
008 941205s1960 us fr | 0||u|eng|u
040 _aES-MaIEF
_beng
_cES-MaIEF
041 _aeng
100 1 _aHolzman, Robert S.
_921689
245 1 0 _aFederal income taxation
_btax principles and tax planning
_c Robert S. Holzman
260 _aNew York
_bThe Ronald Press Company
_c1960
300 _aVIII, pag. var.
_c23 cm
650 4 _aIMPUESTO SOBRE LA RENTA DE LAS PERSONAS FISICAS
_950199
650 4 _aPLANIFICACION FISCAL
_948026
650 4 _aLEGISLACION
_947615
650 4 _aESTADOS UNIDOS
_942888
942 _cLIB